000 00358 a2200157 4500
001 59360
020 _a9788526274310
040 _cAnchieta - Pituba
100 _aFavalli, Leinel Delvai
240 1 0 _aCiências
_lpor
245 1 0 _aCiências
300 _a304
362 0 _a2010
650 4 _aBIOLOGIA, CIÊNICAS DA VIDA (CIÊNCIAS NATURAIS)
942 _cBK
999 _c59360
_d59360